| 000 | 00421nam a2200157 i 4500 | ||
|---|---|---|---|
| 001 | 37911 | ||
| 003 | ES-MaACL | ||
| 005 | 20230906155650.0 | ||
| 007 | t| | ||
| 008 | 030224s1970 sp ||||1| spa d | ||
| 100 | 1 |
_aBurgos, Antonio. _932645 |
|
| 245 | 1 | 3 |
_aEl contador de sombras / _cAntonio Burgos. |
| 260 |
_aBarcelona : _bEdiciones 29, _c[1970] |
||
| 300 |
_a254 p. ; _c18 cm. |
||
| 852 |
_aES-MaACL _jC-40751 _bR.75694 |
||
| 999 |
_c37911 _d37911 |
||